000 03198nam a2200373 i 4500
001 000048180
003 DO-SdBNP
005 20260204104629.0
007 ta
008 181205s2014 dr ab 000 0 spa d
020 _z9789945009798
040 _aDO-SdBNP
_bspa
_cBNPHU
_erda
041 _aspa
082 4 _a306.097293
_bA333d 2014
_222
100 1 _aAlbert Batista, Celsa,
_d1942-
_eautor
_4aut.
_930639
245 1 0 _aDiversidad e identidad en República Dominicana /
_cCelsa Albert Batista ; prólogo, Mateo Morrison.
250 _aSegunda edición
264 4 _aSanto Domingo :
_bMinisterio de cultura;
_bEdiciones INDAASEL,
_bUniversidad Católica Santo Domingo, UCSD,
_c©2014.
300 _a139 páginas :
_bilustraciones, mapas ;
_c22 cm.
336 _atexto
_btxt
_2rdacontent
337 _asin mediación
_bn
_2rdamedia
338 _avolumen
_bnc
_2rdacarrier
500 _aIncluye datos biográficos de la autora en las solapas
500 _aIncluye referencias bibliográficas y notas al pie de las páginas
504 _aBibliografía: páginas 127-139
505 _aDedicatoria, 7 -- Prólogo, 11 -- Prefacio, 15 -- Liminar, Elsa López, 27 -- Introducción, 29 -- I-Algunos elementos significativos en el estudio de la diversidad en la identidad, 33 --Historia y cultura, 33 – Valores, identidad y diversidad, 38 – Educación, 45 – II-Transformación histórica de la Española: Republica Dominicana, 51 – La población Indígena: Encomienda y extracción aurífera en la colonia de la Española, 51 – Relaciones sociales de producción esclavista durante la Colonia y la identidad social (industria azucarera y hato ganadero),55 -- El mestizaje, 56 – Reacción antiesclavista de los africanos y africanas, 58 – Colonia Francesa de Saint Domingue y Colonia, siglos XVII y XVIII, 60 – La Revolución Francesa y su repercusión en las dos colonias: Colonia Francesa de Saint Domingue y Colonia Española de Santo Domingo, 63 – La Española Boba, 65 – Independencia Efímera; Haití Español, 66 – Presencia haitiana en la Parte Oriental de la Isla, 67 – Independencia nacional, 68 – III-La procedencia de los elementos étnicos del pueblo dominicano, 73 – Diversidad en la cultura dominicana, 74 – La presencia indígena, 76 – Contribución hispana a la cultura dominicana, 79 – Presencia africana en la cultura dominicana, 82 – Elementos de origen asiático en la cultura dominicana, 84 – IV-Creatividad, recreación y sincretismo cultural como fuente que propicia la diversidad en la identidad dominicana, 87 – Danzas, bailes y sus influencias en la Republica Dominicana, 91 – Otras características de la religiosidad dominicana, 96 – Sincretismo en la literatura y otras manifestaciones del arte, 99 – V-Transitar por la diacronía para llegar a la sincronía, 107 -- Al final, 113 -- Glosario, 121
590 _aInventariado, 2019/BT
650 4 _aIdentidad cultural
_zRepública Dominicana
_91946
650 4 _aEtnicidad
_zRepública Dominicana
_97738
650 4 _aMulticulturismo
_972662
700 1 _aMorrison, Mateo,
_d1947-
_eprologuista
_91469
_4pr.
910 _aValidado. Control de calidad. MFF
942 _2ddc
_cLBS1
999 _c47668
_d47668